Neurosurgical Procedures - Innovative Approaches

Saved in:
Bibliographic Details
Main Author: Alba Scerrati and Pasquale De Bonis
Format: Book
Language:English
Tags: Add Tag
No Tags, Be the first to tag this record!
Call Number :

MARC

LEADER 00000nam a2200000 a 4500
001 88956
003 MY-KLNDU
005 20241219044629.0
008 211115 000 0 eng d
020 |a 9781789859270 
039 9 |a 202111161459  |b dewi  |y 202111150950  |z dewi 
040 |a UPNM  |b eng  |c UPNM  |e rda 
100 1 |a Alba Scerrati and Pasquale De Bonis 
245 1 |a Neurosurgical Procedures - Innovative Approaches 
336 |a text  |2 rdacontent 
337 |a unmediated  |2 rdamedia 
338 |a volume  |2 rdacarrier 
999 |a vtls000101226  |c 88956  |d 88956